| 000 | nam a22 7a 4500 | ||
|---|---|---|---|
| 999 |
_c129809 _d129809 |
||
| 008 | 190905b xxu||||| |||| 00| 0 eng d | ||
| 050 |
_aSPC. DT1.T50 _bO121 |
||
| 100 |
_aObi, Charles Chukwudi _948073 |
||
| 245 |
_aDemystifying sexual myths and tackling adolescent pregnancy _bthe need for a proper sex education for sub-sahara African adolescents _cCharles Chukwudi Obi |
||
| 260 |
_aHarare _bArrupe College _c2016 |
||
| 300 |
_a93p. ; _c31cm. |
||
| 500 | _aThesis | ||
| 650 |
_aSex education _910695 |
||
| 650 |
_aAdolescents _zAfrica _948074 |
||
| 942 |
_2lcc _cSPC |
||